| 000 | 01130pam a2200301 a 4500 | ||
|---|---|---|---|
| 001 | 1200811 | ||
| 003 | mut | ||
| 005 | 20240606080948.0 | ||
| 008 | 981104s1999 caua 001 0 eng | ||
| 010 | _a 98049805 | ||
| 020 | _a0534359531 | ||
| 040 |
_aDLC _cDLC _dDLC |
||
| 050 | 0 | 0 |
_aQA303 _b.S8827 1999 |
| 082 | 0 | 0 |
_a515 _221 |
| 100 | 1 |
_aStewart, James, _d1941- |
|
| 245 | 1 | 0 | _aSingle variable calculus : |
| 250 | _a4th ed. | ||
| 260 |
_aPacific Grove, Calif. : _bBrooks/Cole, _cc1999. |
||
| 300 |
_axxi, 781 p. : _bill. (some col.) ; _c26 cm. |
||
| 500 | _aIncludes index. | ||
| 650 | 0 | _aCalculus. | |
| 856 | 4 | 2 |
_3Contributor biographical information _uhttp://www.loc.gov/catdir/enhancements/fy1515/98049805-b.html |
| 856 | 4 | 2 |
_3Publisher description _uhttp://www.loc.gov/catdir/enhancements/fy1515/98049805-d.html |
| 856 | 4 | 1 |
_3Table of contents only _uhttp://www.loc.gov/catdir/enhancements/fy1515/98049805-t.html |
| 906 |
_a7 _bcbc _corignew _d1 _eocip _f19 _gy-gencatlg |
||
| 942 |
_2lcc _cBK |
||
| 999 |
_c5035 _d5035 |
||